[Event "Campeonato España Sub 10"]
[Site "Salobreña"]
[Date "2017.07.03"]
[Round "1"]
[White "Moreno Burillo, Marcos Antonio"]
[Black "Diaz Medina, Angelo"]
[Result "0-1"]
[Board "20"]
[WhiteElo "1092"]
[WhiteCountry "ESP"]
[WhiteFideId "24587559"]
[WhiteEloChange "-3"]
[BlackElo "1378"]
[BlackCountry "ESP"]
[BlackFideId "24562432"]
[BlackEloChange "3"]

1. e4 {[%clk 1:30:30]} e5 {[%clk 1:30:30]} 2. Nf3 {[%clk 1:30:30]} Nc6 {[%clk
1:30:30]} 3. Bc4 {[%clk 1:30:30]} Bc5 {[%clk 1:30:30]} 4. c3 {[%clk 1:30:30]} Nf6
{[%clk 1:30:30]} 5. d4 {[%clk 1:30:30]} exd4 {[%clk 1:30:30]} 6. cxd4 {[%clk
1:30:30]} Bb4+ {[%clk 1:30:30]} 7. Bd2 {[%clk 1:30:30]} Bxd2+ {[%clk 1:30:30]} 8.
Nbxd2 {[%clk 1:30:30]} Nxe4 {[%clk 1:30:30]} 9. Nxe4 {[%clk 1:30:30]} d5 {[%clk
1:30:30]} 10. Bd3 {[%clk 1:30:30]} dxe4 {[%clk 1:30:30]} 11. Bxe4 {[%clk
1:30:30]} Qe7 {[%clk 1:30:30]} 12. Qe2 {[%clk 1:30:30]} O-O {[%clk 1:30:30]} 13.
O-O {[%clk 1:30:30]} Re8 {[%clk 1:30:30]} 14. Rfe1 {[%clk 1:30:30]} Bf5 {[%clk
1:30:30]} 15. Bd3 {[%clk 1:30:30]} Qxe2 {[%clk 1:30:30]} 16. Bxe2 {[%clk
1:30:30]} Rad8 {[%clk 1:30:30]} 17. Nh4 {[%clk 1:30:30]} Bc8 {[%clk 1:30:30]} 18.
Bb5 {[%clk 1:30:30]} Rxe1+ {[%clk 1:30:30]} 19. Rxe1 {[%clk 1:30:30]} Nxd4 {[%clk
1:30:30]} 20. h3 {[%clk 1:30:30]} Nxb5 {[%clk 1:30:30]} 21. Rc1 {[%clk 1:30:30]}
c6 {[%clk 1:30:30]} 22. a4 {[%clk 1:30:30]} Nd4 {[%clk 1:30:30]} 23. Kh1 {[%clk
1:30:30]} Be6 {[%clk 1:30:30]} 24. Rd1 {[%clk 1:30:30]} c5 {[%clk 1:30:30]} 25.
Nf3 {[%clk 1:30:30]} Bb3 {[%clk 1:30:30]} 26. Rd3 {[%clk 1:30:30]} Bd5 {[%clk
1:30:30]} 27. b4 {[%clk 1:30:30]} b6 {[%clk 1:30:30]} 28. a5 {[%clk 1:30:30]} Ne6
{[%clk 1:30:30]} 29. Kg1 {[%clk 1:30:30]} Kf8 {[%clk 1:30:30]} 30. Kf1 {[%clk
1:30:30]} Bc4 {[%clk 1:30:30]} 0-1

[Event "Campeonato España Sub 10"]
[Site "Salobreña"]
[Date "2017.07.03"]
[Round "2"]
[White "Morales Carmona, Jose Manuel"]
[Black "Macias Pino, Diego"]
[Result "0-1"]
[Board "1"]
[WhiteClock "-:--:--"]
[WhiteElo "1285"]
[WhiteCountry "ESP"]
[WhiteFideId "24552542"]
[WhiteEloChange "-2"]
[BlackClock "-:--:--"]
[BlackElo "1732"]
[BlackCountry "ESP"]
[BlackFideId "24529133"]
[BlackEloChange "2"]

1. e4 {-[%clk 1:30:30]} c6 {-[%clk 1:30:30]} 2. d3 {-[%clk 1:30:30]} d5 {[%clk
1:30:30]} 3. Nd2 {[%clk 1:30:30]} Nf6 {[%clk 1:30:30]} 4. g3 {[%clk 1:30:30]} Bg4
{[%clk 1:30:30]} 5. f3 {[%clk 1:30:30]} Bh5 {[%clk 1:30:30]} 6. Bg2 {[%clk
1:30:30]} e6 {[%clk 1:30:30]} 7. Ne2 {[%clk 1:30:30]} Nbd7 {[%clk 1:30:30]} 8.
O-O {[%clk 1:30:30]} Be7 {[%clk 1:30:30]} 9. Nf4 {[%clk 1:30:30]} Qb6+ {[%clk
1:30:30]} 10. Kh1 {[%clk 1:30:30]} Bg6 {[%clk 1:30:30]} 11. Qe2 {[%clk 1:30:30]}
O-O {[%clk 1:30:30]} 12. Nb3 {[%clk 1:30:30]} Rfe8 {[%clk 1:30:30]} 13. Be3
{[%clk 1:30:30]} Qc7 {[%clk 1:30:30]} 14. Nxg6 {[%clk 1:30:30]} hxg6 {[%clk
1:30:30]} 15. f4 {[%clk 1:30:30]} c5 {[%clk 1:30:30]} 16. c3 {[%clk 1:30:30]} b5
{[%clk 1:30:30]} 17. e5 {[%clk 1:30:30]} Nh7 {[%clk 1:30:30]} 18. d4 {[%clk
1:30:30]} c4 {[%clk 1:30:30]} 19. Nd2 {[%clk 1:30:30]} Rab8 {[%clk 1:30:30]} 20.
a3 {[%clk 1:30:30]} a5 {[%clk 1:30:30]} 21. Rac1 {[%clk 1:30:30]} Qb6 {[%clk
1:30:30]} 22. Rc2 {[%clk 1:30:30]} b4 {[%clk 1:30:30]} 23. Rb1 {[%clk 1:30:30]}
bxa3 {[%clk 1:30:30]} 24. bxa3 {[%clk 1:30:30]} Qc6 {[%clk 1:30:30]} 25. Rxb8
{[%clk 1:30:30]} Rxb8 {[%clk 1:30:30]} 26. Ra2 {[%clk 1:30:30]} Qa4 {[%clk
1:30:30]} 27. Bf3 {[%clk 1:30:30]} Qb5 {[%clk 1:30:30]} 28. Qd1 {[%clk 1:30:30]}
a4 {[%clk 1:30:30]} 29. Ra1 {[%clk 1:30:30]} Qb2 {[%clk 1:30:30]} 30. Qc1 {[%clk
1:30:30]} Qxc1+ {[%clk 1:30:30]} 31. Rxc1 {[%clk 1:30:30]} Bxa3 {[%clk 1:30:30]}
32. Rc2 {[%clk 1:30:30]} Bb2 {[%clk 1:30:30]} 33. Nb1 {[%clk 1:30:30]} a3 {[%clk
1:30:30]} 34. Rxb2 {[%clk 1:30:30]} Rxb2 {[%clk 1:30:30]} 35. Nxa3 {[%clk
1:30:30]} Rb3 {[%clk 1:30:30]} 36. Nc2 {[%clk 1:30:30]} Rxc3 {[%clk 1:30:30]} 37.
Bd1 {[%clk 1:30:30]} Rd3 {[%clk 1:30:30]} 38. Be2 {[%clk 1:30:30]} Rc3 {[%clk
1:30:30]} 39. Bd1 {[%clk 1:30:30]} Nb6 {[%clk 1:30:30]} 40. Bd2 {[%clk 1:30:30]}
Rd3 {[%clk 1:30:30]} 0-1

[Event "Campeonato España Sub 10"]
[Site "Salobreña"]
[Date "2017.07.03"]
[Round "2"]
[White "Ano Pla, Gerard"]
[Black "Vinuesa Sorli, Ruben"]
[Result "1-0"]
[Board "2"]
[WhiteClock "-:--:--"]
[WhiteElo "1741"]
[WhiteCountry "ESP"]
[WhiteFideId "24560561"]
[WhiteEloChange "2"]
[BlackClock "-:--:--"]
[BlackElo "1301"]
[BlackCountry "ESP"]
[BlackFideId "24562360"]
[BlackEloChange "-2"]

1. d4 {[%clk 1:30:00]} d5 {[%clk 1:30:00]} 2. c4 {[%clk 1:30:00]} e6 {[%clk
1:29:00]} 3. cxd5 {[%clk 1:30:00]} exd5 {[%clk 1:29:00]} 4. Nc3 {[%clk 1:29:00]}
Nc6 {[%clk 1:28:00]} 5. Nf3 {[%clk 1:27:00]} g6 {[%clk 1:24:00]} 6. Bg5 {[%clk
1:26:00]} Nge7 {[%clk 1:24:00]} 7. Bf6 {[%clk 1:25:00]} Rg8 {[%clk 1:23:00]} 8.
e3 {[%clk 1:23:00]} Bf5 {[%clk 1:15:00]} 9. Bd3 {[%clk 1:21:00]} Qd7 {[%clk
1:12:00]} 10. Ne5 {[%clk 1:15:00]} Nxe5 {[%clk 1:06:00]} 11. Bxe5 {[%clk
1:15:00]} O-O-O {[%clk 1:05:00]} 12. Rc1 {[%clk 1:12:00]} Bg7 {[%clk 0:56:00]}
13. Bg3 {[%clk 1:03:00]} a6 {[%clk 0:51:00]} 14. Na4 {[%clk 0:55:00]} Nc6 {[%clk
0:47:00]} 15. Nc5 {[%clk 0:55:00]} Qe7 {[%clk 0:46:00]} 16. O-O {[%clk 0:54:00]}
Rge8 {[%clk 0:29:00]} 17. Bxf5+ {[%clk 0:51:00]} gxf5 {[%clk 0:29:00]} 18. Qc2
{[%clk 0:51:00]} Na7 {[%clk 0:23:00]} 19. Qxf5+ {[%clk 0:48:00]} Kb8 {[%clk
0:23:00]} 20. Qc2 {[%clk 0:46:00]} Nc6 {[%clk 0:22:00]} 21. Nxa6+ {[%clk
0:42:00]} bxa6 {[%clk 0:22:00]} 22. Qxc6 {[%clk 0:42:00]} Kc8 {[%clk 0:22:00]}
23. Qc2 {[%clk 0:42:00]} Kb8 {[%clk 0:22:00]} 24. Qc6 {[%clk 0:42:00]} Rd7 {[%clk
0:23:00]} 25. Qb6+ {[%clk 0:42:00]} Kc8 {[%clk 0:21:00]} 26. Qc6 {[%clk 0:42:00]}
Kb8 {[%clk 0:21:00]} 1-0

[Event "Campeonato España Sub 10"]
[Site "Salobreña"]
[Date "2017.07.03"]
[Round "2"]
[White "Oudeh Mishmesh, Omar"]
[Black "Andres Iniguez, Iker"]
[Result "0-1"]
[Board "3"]
[WhiteClock "-:--:--"]
[WhiteElo "1277"]
[WhiteCountry "ESP"]
[WhiteFideId "24559911"]
[WhiteEloChange "-2"]
[BlackClock "-:--:--"]
[BlackElo "1709"]
[BlackCountry "ESP"]
[BlackFideId "24580740"]
[BlackEloChange "2"]

1. d4 {[%clk 1:30:00]} d5 {[%clk 1:30:00]} 2. Bf4 {[%clk 1:31:00]} Nf6 {[%clk
1:31:00]} 3. Nf3 {[%clk 1:30:00]} c5 {[%clk 1:30:00]} 4. e3 {[%clk 1:30:00]} Nc6
{[%clk 1:30:00]} 5. c3 {[%clk 1:29:00]} Qb6 {[%clk 1:30:00]} 6. Qb3 {[%clk
1:29:00]} c4 {[%clk 1:30:00]} 7. Qc2 {[%clk 1:30:00]} Bf5 {[%clk 1:27:00]} 8. Qc1
{[%clk 1:27:00]} e6 {[%clk 1:26:00]} 9. Nbd2 {[%clk 1:27:00]} Be7 {[%clk
1:27:00]} 10. Be2 {[%clk 1:27:00]} O-O {[%clk 1:27:00]} 11. h3 {[%clk 1:27:00]}
h6 {[%clk 1:24:00]} 12. O-O {[%clk 1:27:00]} a5 {[%clk 1:21:00]} 13. b3 {[%clk
1:26:00]} cxb3 {[%clk 1:18:00]} 14. axb3 {[%clk 1:27:00]} Rfc8 {[%clk 1:15:00]}
15. Qd1 {[%clk 1:23:00]} a4 {[%clk 1:14:00]} 16. bxa4 {[%clk 1:22:00]} Na5 {[%clk
1:14:00]} 17. Bb5 {[%clk 1:14:00]} Rxc3 {[%clk 1:12:00]} 18. Rc1 {[%clk 1:14:00]}
Rac8 {[%clk 1:12:00]} 19. Rxc3 {[%clk 1:13:00]} Rxc3 {[%clk 1:12:00]} 20. Qe2
{[%clk 1:12:00]} Bb4 {[%clk 1:03:00]} 21. Ra1 {[%clk 1:08:00]} Ne4 {[%clk
0:57:00]} 22. Qd1 {[%clk 1:06:00]} Nxd2 {[%clk 0:56:00]} 23. Nxd2 {[%clk
1:06:00]} Bd3 {[%clk 0:56:00]} 24. Rc1 {[%clk 1:04:00]} Bxb5 {[%clk 0:55:00]} 25.
Rxc3 {[%clk 1:03:00]} Bxc3 {[%clk 0:55:00]} 26. axb5 {[%clk 1:03:00]} Qxb5 {[%clk
0:55:00]} 27. Nb1 {[%clk 1:03:00]} Bb4 {[%clk 0:51:00]} 28. Kh2 {[%clk 1:03:00]}
f6 {[%clk 0:50:00]} 29. Qg4 {[%clk 1:03:00]} Qe8 {[%clk 0:47:00]} 30. Bxh6 {[%clk
1:03:00]} g5 {[%clk 0:47:00]} 31. f4 {[%clk 1:03:00]} Nc4 {[%clk 0:46:00]} 32.
Qg3 {[%clk 1:02:00]} Kh7 {[%clk 0:44:00]} 33. fxg5 {[%clk 1:02:00]} Bd6 {[%clk
0:44:00]} 34. g6+ {[%clk 1:02:00]} Qxg6 {[%clk 0:44:00]} 35. Bf4 {[%clk 1:03:00]}
Qxg3+ {[%clk 0:44:00]} 36. Kxg3 {[%clk 1:03:00]} Kg6 {[%clk 0:44:00]} 37. Kg4
{[%clk 1:03:00]} e5 {[%clk 0:44:00]} 38. dxe5 {[%clk 1:02:00]} fxe5 {[%clk
0:44:00]} 39. Bg5 {[%clk 1:02:00]} Bf8 {[%clk 0:43:00]} 40. Nc3 {[%clk 1:02:00]}
Nxe3+ {[%clk 0:42:00]} 41. Bxe3 {[%clk 1:02:00]} d4 {[%clk 0:42:00]} 42. Bxd4
{[%clk 1:03:00]} exd4 {[%clk 0:43:00]} 43. Nd1 {[%clk 1:03:00]} b5 {[%clk
0:43:00]} 44. Kf3 {[%clk 1:03:00]} Bb4 {[%clk 0:43:00]} 45. Ke4 {[%clk 1:04:00]}
Bc3 {[%clk 0:43:00]} 46. Nxc3 {[%clk 1:04:00]} dxc3 {[%clk 0:44:00]} 47. Kd3
{[%clk 1:04:00]} b4 {[%clk 0:44:00]} 48. Kc2 {[%clk 1:04:00]} Kg5 {[%clk
0:44:00]} 49. g3 {[%clk 1:05:00]} Kf5 {[%clk 0:45:00]} 50. h4 {[%clk 1:05:00]}
Kg4 {[%clk 0:45:00]} 51. Kc1 {[%clk 1:05:00]} b3 {[%clk 0:45:00]} 52. Kb1 {[%clk
1:05:00]} Kh5 {[%clk 0:46:00]} 53. Kc1 {[%clk 1:06:00]} b2+ {[%clk 0:46:00]} 54.
Kc2 {[%clk 1:06:00]} Kg4 {[%clk 0:46:00]} 55. Kb1 {[%clk 1:06:00]} Kf5 {[%clk
0:46:00]} 56. Kc2 {[%clk 1:07:00]} Kg4 {[%clk 0:46:00]} 57. Kb1 {[%clk 1:07:00]}
Kf3 {[%clk 0:45:00]} 58. Kc2 {[%clk 1:07:00]} Ke2 {[%clk 1:07:00]} 59. Kb1 {[%clk
0:46:00]} Kd2 {[%clk 1:08:00]} 60. Ka2 {[%clk 0:46:00]} Ke2 {[%clk 1:09:00]} 61.
Kb1 {[%clk 0:46:00]} Kd2 {[%clk 1:09:00]} 62. Ka2 {[%clk 0:46:00]} 0-1

[Event "Campeonato España Sub 10"]
[Site "Salobreña"]
[Date "2017.07.03"]
[Round "2"]
[White "Ermachenko, Manuel"]
[Black "Gasull Batiste, Aran"]
[Result "1-0"]
[Board "4"]
[WhiteClock "-:--:--"]
[WhiteElo "1678"]
[WhiteCountry "ESP"]
[WhiteFideId "24560952"]
[WhiteEloChange "2"]
[BlackClock "-:--:--"]
[BlackElo "1286"]
[BlackCountry "ESP"]
[BlackFideId "24585467"]
[BlackEloChange "-2"]

1. e4 {[%clk 1:30:00]} e5 {[%clk 1:30:00]} 2. Nf3 {[%clk 1:31:00]} Nf6 {[%clk
1:31:00]} 3. Nxe5 {[%clk 1:31:00]} Nxe4 {[%clk 1:31:00]} 4. Qe2 {[%clk 1:31:00]}
Qe7 {[%clk 1:31:00]} 5. Qxe4 {[%clk 1:31:00]} d6 {[%clk 1:31:00]} 6. d4 {[%clk
1:31:00]} dxe5 {[%clk 1:32:00]} 7. dxe5 {[%clk 1:31:00]} Nc6 {[%clk 1:32:00]} 8.
Bf4 {[%clk 1:31:00]} g5 {[%clk 1:32:00]} 9. Bd2 {[%clk 1:23:00]} f5 {[%clk
1:32:00]} 10. Qe3 {[%clk 1:23:00]} Nxe5 {[%clk 1:30:00]} 11. Nc3 {[%clk 1:20:00]}
f4 {[%clk 1:25:00]} 12. Qe2 {[%clk 1:19:00]} f3 {[%clk 1:23:00]} 13. Qe3 {[%clk
1:19:00]} g4 {[%clk 1:22:00]} 14. O-O-O {[%clk 1:19:00]} fxg2 {[%clk 1:22:00]}
15. Bxg2 {[%clk 1:20:00]} Nc4 {[%clk 1:22:00]} 16. Qd4 {[%clk 1:18:00]} Qb4
{[%clk 1:21:00]} 17. Rhe1+ {[%clk 1:18:00]} Be7 {[%clk 1:21:00]} 18. Qxh8+ {[%clk
1:18:00]} Kd7 {[%clk 1:20:00]} 19. Rxe7+ {[%clk 1:19:00]} Kxe7 {[%clk 1:21:00]}
20. Nd5+ {[%clk 1:19:00]} Kf7 {[%clk 1:21:00]} 21. Bxb4 {[%clk 1:19:00]} Be6
{[%clk 1:21:00]} 22. Qf6+ {[%clk 1:19:00]} Ke8 {[%clk 1:21:00]} 23. Qe7# {[%clk
1:19:00]} 1-0

[Event "Campeonato España Sub 10"]
[Site "Salobreña"]
[Date "2017.07.03"]
[Round "2"]
[White "Dolz Barea, Guillermo"]
[Black "Habans Aguerrea, Javier"]
[Result "0-1"]
[Board "5"]
[WhiteClock "-:--:--"]
[WhiteElo "1251"]
[WhiteCountry "ESP"]
[WhiteFideId "24531146"]
[WhiteEloChange "-2"]
[BlackClock "-:--:--"]
[BlackElo "1676"]
[BlackCountry "ESP"]
[BlackFideId "24524689"]
[BlackEloChange "2"]

1. d4 {[%clk 1:30:30]} Nf6 {[%clk 1:30:30]} 2. Nf3 {[%clk 1:30:30]} c5 {[%clk
1:30:30]} 3. c3 {[%clk 1:30:30]} g6 {[%clk 1:30:30]} 4. e3 {[%clk 1:30:30]} Bg7
{[%clk 1:30:30]} 5. Bd3 {[%clk 1:30:30]} O-O {[%clk 1:30:30]} 6. Nbd2 {[%clk
1:30:30]} Nc6 {[%clk 1:30:30]} 7. O-O {[%clk 1:30:30]} cxd4 {[%clk 1:30:30]} 8.
exd4 {[%clk 1:30:30]} d5 {[%clk 1:30:30]} 9. Re1 {[%clk 1:30:30]} Bg4 {[%clk
1:30:30]} 10. h3 {[%clk 1:30:30]} Bxf3 {[%clk 1:30:30]} 11. Nxf3 {[%clk 1:30:30]}
Qc7 {[%clk 1:30:30]} 12. Qb3 {[%clk 1:30:30]} e6 {[%clk 1:30:30]} 13. Bd2 {[%clk
1:30:30]} a6 {[%clk 1:30:30]} 14. Rac1 {[%clk 1:30:30]} b5 {[%clk 1:30:30]} 15.
a3 {[%clk 1:30:30]} Na5 {[%clk 1:30:30]} 16. Qa2 {[%clk 1:30:30]} Nc4 {[%clk
1:30:30]} 17. b3 {[%clk 1:30:30]} Nxd2 {[%clk 1:30:30]} 18. Qxd2 {[%clk 1:30:30]}
Qa5 {[%clk 1:30:30]} 19. Qb2 {[%clk 1:30:30]} Nd7 {[%clk 1:30:30]} 20. Re2 {[%clk
1:30:30]} Rab8 {[%clk 1:30:30]} 21. Nd2 {[%clk 1:30:30]} Rfc8 {[%clk 1:30:30]}
22. b4 {[%clk 1:30:30]} Qc7 {[%clk 1:30:30]} 23. Nb3 {[%clk 1:30:30]} Re8 {[%clk
1:30:30]} 24. Ree1 {[%clk 1:30:30]} Qd6 {[%clk 1:30:30]} 25. Nc5 {[%clk 1:30:30]}
Nxc5 {[%clk 1:30:30]} 26. bxc5 {[%clk 1:30:30]} Qc6 {[%clk 1:30:30]} 27. Qb4
{[%clk 1:30:30]} Bf6 {[%clk 1:30:30]} 28. Rc2 {[%clk 1:30:30]} Rbc8 {[%clk
1:30:30]} 29. Kf1 {[%clk 1:30:30]} e5 {[%clk 1:30:30]} 30. Rcc1 {[%clk 1:30:30]}
e4 {[%clk 1:30:30]} 31. Bb1 {[%clk 1:30:30]} Bg5 {[%clk 1:30:30]} 32. Rc2 {[%clk
1:30:30]} e3 {[%clk 1:30:30]} 33. f3 {[%clk 1:30:30]} Qc7 {[%clk 1:30:30]} 34.
Kg1 {[%clk 1:30:30]} Qg3 {[%clk 1:30:30]} 35. Ree2 {[%clk 1:30:30]} Bf4 {[%clk
1:30:30]} 36. Kf1 {[%clk 1:30:30]} Qh2 {[%clk 1:30:30]} 37. Rxe3 {[%clk 1:30:30]}
Bxe3 {[%clk 1:30:30]} 38. c4 {[%clk 1:30:30]} Qh1+ {[%clk 1:30:30]} 39. Ke2
{[%clk 1:30:30]} Bd2+ {[%clk 1:30:30]} 40. Kxd2 {[%clk 1:30:30]} Qe1+ {[%clk
1:30:30]} 0-1

[Event "Campeonato España Sub 10"]
[Site "Salobreña"]
[Date "2017.07.03"]
[Round "2"]
[White "Vergara Anton, Diego"]
[Black "Diaz Perez, Diego"]
[Result "1-0"]
[Board "6"]
[WhiteClock "-:--:--"]
[WhiteElo "1628"]
[WhiteCountry "ESP"]
[WhiteFideId "24524310"]
[WhiteEloChange "2"]
[BlackClock "-:--:--"]
[BlackElo "1275"]
[BlackCountry "ESP"]
[BlackFideId "24587958"]
[BlackEloChange "-2"]

1. d4 {[%clk 1:30:00]} d5 {[%clk 1:30:00]} 2. c4 {[%clk 1:31:00]} dxc4 {[%clk
1:30:00]} 3. e3 {[%clk 1:31:00]} Nf6 {[%clk 1:29:00]} 4. Bxc4 {[%clk 1:29:00]}
Nc6 {[%clk 1:28:00]} 5. Nf3 {[%clk 1:29:00]} Bg4 {[%clk 1:28:00]} 6. Qb3 {[%clk
1:23:00]} e6 {[%clk 1:24:00]} 7. Qxb7 {[%clk 1:20:00]} Nb4 {[%clk 1:16:00]} 8.
Qb5+ {[%clk 1:19:00]} Qd7 {[%clk 1:13:00]} 9. Qxd7+ {[%clk 1:20:00]} Nxd7 {[%clk
1:12:00]} 10. Na3 {[%clk 1:18:00]} Nb6 {[%clk 1:11:00]} 11. Bb5+ {[%clk 1:17:00]}
c6 {[%clk 1:09:00]} 12. Be2 {[%clk 1:18:00]} N4d5 {[%clk 0:58:00]} 13. Nc2 {[%clk
1:15:00]} Bf5 {[%clk 0:54:00]} 14. Bd1 {[%clk 1:13:00]} Bxc2 {[%clk 0:44:00]} 15.
Bxc2 {[%clk 1:13:00]} Nb4 {[%clk 0:41:00]} 16. Bb3 {[%clk 1:09:00]} c5 {[%clk
0:37:00]} 17. O-O {[%clk 1:06:00]} c4 {[%clk 0:35:00]} 18. Bd1 {[%clk 1:06:00]}
Bd6 {[%clk 0:26:00]} 19. a3 {[%clk 1:04:00]} Nc6 {[%clk 0:22:00]} 20. Bd2 {[%clk
1:00:00]} O-O {[%clk 0:20:00]} 21. Be2 {[%clk 1:00:00]} Rab8 {-[%clk 0:14:23]}
22. Rfc1 {3[%clk 0:58:00]} Ne7 {[%clk 0:14:23]} 23. e4 {[%clk 0:58:00]} Na4
{[%clk 0:14:23]} 24. e5 {[%clk 0:58:00]} Bc7 {[%clk 0:14:23]} 25. Rxc4 {[%clk
0:58:00]} Bb6 {[%clk 0:14:23]} 26. Rxa4 {[%clk 0:58:00]} Rfd8 {[%clk 0:14:23]}
27. Ba5 {[%clk 0:58:00]} Bxa5 {[%clk 0:14:23]} 28. Rxa5 {[%clk 0:58:00]} Rd7
{[%clk 0:14:23]} 29. Rb5 {[%clk 0:58:00]} Rxb5 {[%clk 0:14:23]} 30. Bxb5 {[%clk
0:58:00]} Rb7 {[%clk 0:14:23]} 31. a4 {[%clk 0:58:00]} Rc7 {[%clk 0:14:23]} 32.
Bd3 {[%clk 0:58:00]} Nd5 {[%clk 0:14:23]} 33. g3 {[%clk 0:58:00]} Nb4 {[%clk
0:14:23]} 34. Be4 {[%clk 0:58:00]} f6 {[%clk 0:14:23]} 35. Ra3 {[%clk 0:58:00]}
fxe5 {[%clk 0:14:23]} 36. Nxe5 {[%clk 0:58:00]} 1-0

[Event "Campeonato España Sub 10"]
[Site "Salobreña"]
[Date "2017.07.03"]
[Round "2"]
[White "Puente Fernandez, Lucas"]
[Black "Diaz Mino, Daniel"]
[Result "1-0"]
[Board "7"]
[WhiteClock "-:--:--"]
[WhiteElo "1270"]
[WhiteCountry "ESP"]
[WhiteFideId "24560596"]
[WhiteEloChange "18"]
[BlackClock "-:--:--"]
[BlackElo "1645"]
[BlackCountry "ESP"]
[BlackFideId "24520462"]
[BlackEloChange "-18"]

1. d4 {[%clk 1:30:00]} Nf6 {[%clk 1:30:00]} 2. Nf3 {[%clk 1:30:00]} g6 {[%clk
1:29:00]} 3. c4 {[%clk 1:29:00]} Bg7 {[%clk 1:29:00]} 4. Nc3 {[%clk 1:29:00]} O-O
{[%clk 1:29:00]} 5. e4 {[%clk 1:28:00]} d6 {[%clk 1:29:00]} 6. Be2 {[%clk
1:28:00]} Nbd7 {[%clk 1:29:00]} 7. O-O {[%clk 1:23:00]} e5 {[%clk 1:27:00]} 8.
dxe5 {[%clk 1:21:00]} dxe5 {[%clk 1:28:00]} 9. Bg5 {[%clk 1:17:00]} c6 {[%clk
1:24:00]} 10. b4 {[%clk 1:12:00]} Qc7 {[%clk 1:22:00]} 11. c5 {[%clk 1:09:00]}
Re8 {[%clk 1:22:00]} 12. Qb3 {[%clk 1:03:00]} Nf8 {[%clk 1:18:00]} 13. Bc4 {[%clk
1:03:00]} Be6 {[%clk 1:18:00]} 14. Rad1 {[%clk 1:01:00]} Rad8 {[%clk 1:15:00]}
15. Ra1 {[%clk 1:01:00]} Ra8 {[%clk 1:15:00]} 16. Rad1 {[%clk 1:01:00]} Rad8
{[%clk 1:15:00]} 17. h3 {[%clk 0:59:00]} Bxc4 {[%clk 1:15:00]} 18. Qxc4 {[%clk
0:59:00]} Ne6 {[%clk 1:14:00]} 19. a4 {[%clk 0:52:00]} Nxg5 {[%clk 1:13:00]} 20.
Nxg5 {[%clk 0:50:00]} Rd4 {[%clk 1:13:00]} 21. Rxd4 {[%clk 0:49:00]} exd4 {[%clk
1:13:00]} 22. Qxd4 {[%clk 0:45:00]} Nxe4 {[%clk 1:13:00]} 23. Qe3 {[%clk
0:44:00]} Nf6 {[%clk 1:08:00]} 24. Nce4 {[%clk 0:40:00]} Nxe4 {[%clk 1:07:00]}
25. Nxe4 {[%clk 0:40:00]} Qe5 {[%clk 1:07:00]} 26. Re1 {[%clk 0:39:00]} f5 {[%clk
1:00:00]} 27. Nd6 {[%clk 0:38:00]} Qxe3 {[%clk 0:59:00]} 28. Rxe3 {[%clk
0:38:00]} Rxe3 {[%clk 0:59:00]} 29. fxe3 {[%clk 0:38:00]} b6 {[%clk 0:59:00]} 30.
Nc8 {[%clk 0:38:00]} bxc5 {[%clk 0:58:00]} 31. bxc5 {[%clk 0:38:00]} f4 {[%clk
0:58:00]} 32. Kf2 {[%clk 0:38:00]} Bf8 {[%clk 0:58:00]} 33. Nxa7 {[%clk 0:38:00]}
fxe3+ {[%clk 0:58:00]} 34. Ke2 {[%clk 0:37:00]} Kf7 {[%clk 0:55:00]} 35. Nxc6
{[%clk 0:37:00]} Ke6 {[%clk 0:55:00]} 36. Nd4+ {[%clk 0:36:00]} Kd5 {[%clk
0:53:00]} 37. c6 {[%clk 0:37:00]} Bd6 {[%clk 0:53:00]} 38. Kxe3 {[%clk 0:37:00]}
g5 {[%clk 0:52:00]} 39. a5 {[%clk 0:36:00]} Bb8 {[%clk 0:51:00]} 40. a6 {[%clk
0:37:00]} Kd6 {[%clk 0:50:00]} 41. Ke4 {[%clk 0:36:00]} Kc7 {[%clk 0:46:00]} 42.
Nb5+ {[%clk 0:36:00]} Kb6 {[%clk 0:46:00]} 43. a7 {[%clk 0:37:00]} Bxa7 {[%clk
0:47:00]} 44. Nxa7 {[%clk 0:37:00]} Kxa7 {[%clk 0:47:00]} 45. Kf5 {[%clk
0:37:00]} h6 {[%clk 0:47:00]} 46. h4 {[%clk 0:37:00]} gxh4 {[%clk 0:47:00]} 47.
Kg4 {[%clk 0:37:00]} Kb6 {[%clk 0:47:00]} 48. Kxh4 {[%clk 0:37:00]} Kxc6 {[%clk
0:47:00]} 49. Kh5 {[%clk 0:37:00]} Kd6 {[%clk 0:47:00]} 50. Kxh6 {[%clk 0:37:00]}
Ke6 {[%clk 0:47:00]} 51. g4 {[%clk 0:37:00]} Kf7 {[%clk 0:47:00]} 52. g5 {[%clk
0:37:00]} Kg8 {[%clk 0:47:00]} 53. Kg6 {[%clk 0:37:00]} Kh8 {[%clk 0:47:00]} 54.
Kf7 {[%clk 0:37:00]} Kh7 {[%clk 0:47:00]} 55. g6+ {[%clk 0:37:00]} 1-0

[Event "Campeonato España Sub 10"]
[Site "Salobreña"]
[Date "2017.07.03"]
[Round "2"]
[White "Bellver Gorshenin, Maxim"]
[Black "Gonzalez Pintor, Ivan"]
[Result "1-0"]
[Board "8"]
[WhiteClock "-:--:--"]
[WhiteElo "1595"]
[WhiteCountry "ESP"]
[WhiteFideId "24538671"]
[WhiteEloChange "3"]
[BlackClock "-:--:--"]
[BlackElo "1272"]
[BlackCountry "ESP"]
[BlackFideId "24538477"]
[BlackEloChange "-3"]

1. e4 {[%clk 1:30:00]} c5 {[%clk 1:30:00]} 2. Nf3 {[%clk 1:30:00]} e6 {[%clk
1:29:00]} 3. d4 {[%clk 1:31:00]} cxd4 {[%clk 1:30:00]} 4. Nxd4 {[%clk 1:31:00]}
a6 {[%clk 1:29:00]} 5. Nc3 {[%clk 1:31:00]} Qc7 {[%clk 1:28:00]} 6. Be2 {[%clk
1:30:00]} Nf6 {[%clk 1:28:00]} 7. Be3 {[%clk 1:29:00]} Bb4 {[%clk 1:26:00]} 8.
O-O {[%clk 1:21:00]} Bxc3 {[%clk 1:25:00]} 9. bxc3 {[%clk 1:21:00]} Nxe4 {[%clk
1:25:00]} 10. c4 {[%clk 1:21:00]} Nc3 {[%clk 1:25:00]} 11. Qd2 {[%clk 1:20:00]}
Nxe2+ {[%clk 1:24:00]} 12. Qxe2 {[%clk 1:21:00]} O-O {[%clk 1:25:00]} 13. Qg4
{[%clk 1:15:00]} Kh8 {[%clk 1:23:00]} 14. Nf3 {[%clk 1:12:00]} d5 {[%clk
1:21:00]} 15. c5 {[%clk 1:09:00]} e5 {[%clk 1:20:00]} 16. Qh5 {[%clk 1:08:00]} d4
{[%clk 1:20:00]} 17. Bd2 {[%clk 1:07:00]} Re8 {[%clk 1:19:00]} 18. Ng5 {[%clk
1:04:00]} Bf5 {[%clk 1:18:00]} 19. Nxf7+ {[%clk 1:04:00]} Kg8 {[%clk 1:18:00]}
20. Nh6+ {[%clk 1:02:00]} gxh6 {[%clk 1:17:00]} 21. Qxe8+ {[%clk 1:02:00]} Kg7
{[%clk 1:17:00]} 22. Qh5 {[%clk 1:01:00]} Bxc2 {[%clk 1:16:00]} 23. Bxh6+ {[%clk
0:59:00]} Kg8 {[%clk 1:16:00]} 24. Qe8# {[%clk 0:59:00]} 1-0